000 00296nam a22001217a 4500
008 190315b xxu||||| |||| 00| 0 eng d
041 _aeng
080 _a043.3
100 _a0
101 _aSHKI-BA
245 _aMenaxhim i rrezikut të sigurisë së informacionit
_cPerçuku,V
942 _2udc
_cBK
999 _c54841
_d54841